[Event "Czerniak Memorial 15th"]
[Site "Tel Aviv"]
[Date "1999.03.28"]
[Round "1"]
[White "Gershon, Alik"]
[Black "Lutz, Christopher"]
[Result "1-0"]
[WhiteElo "2467"]
[BlackElo "2610"]
[Annotator "Gershon,A"]
[PlyCount "111"]
[EventDate "1999.03.??"]
[EventType "tourn"]
[EventRounds "9"]
[EventCountry "ISR"]
[EventCategory "10"]
[SourceTitle "CBM 071"]
[Source "ChessBase"]
[SourceDate "1999.08.01"]
[SourceVersion "1"]
[SourceVersionDate "1999.08.01"]
[SourceQuality "1"]

1. e4 c5 2. Nf3 d6 3. d4 cxd4 4. Nxd4 Nf6 5. Nc3 a6 6. Be3 e6 7. g4 h6 (7... e5
$5 {Recently a popular variation being actively used by Anand.} 8. Nf5 g6 9. g5
gxf5 10. exf5 d5 11. Qf3 (11. gxf6 $6 d4 12. Bc4 Qc7 13. Qd3 dxe3 14. fxe3 b5
15. Bb3 Bb7 16. Nd5 Qa5+ 17. c3 Nd7 18. O-O-O Nc5 19. Qc2 O-O-O 20. Rhg1 Bh6
21. Rg7 Nxb3+ 22. Qxb3 Bxd5 23. Rxd5 Qb6 24. Rxe5 Qd6 {0-1 Shirov,A-Anand,V/
8th Amber Rapidplay, Monte Carlo MNC 1999 (24)}) 11... d4 12. O-O-O Nbd7 13.
Bd2 $1 (13. Bc4 Qc7 14. Bb3 dxc3 15. g6 fxg6 16. fxg6 hxg6 17. Qg2 Qc6 18.
Qxg6+ Kd8 19. Rhe1 Kc7 20. Qf7 cxb2+ 21. Kb1 Bb4 22. Bd2 Bxd2 23. Rxd2 Kb8 {
0-1 Sokolov,A-Svidler,P/St. Petersburg 1998/CBM 67 noVC (23)}) 13... dxc3 14.
Bxc3 Bg7 (14... Qc7 15. Bd3 Bd6 16. Rhe1 Rg8 17. gxf6 Nxf6 18. Bc4 Nd7 19.
Bxf7+ Kxf7 20. Qh5+ Kg7 21. Rg1+ Kh8 22. Rxg8+ Kxg8 23. Qe8+ Nf8 24. Rg1+ Kh8
25. Bxe5+ {1-0 Solovjov,S-Biriukov,O/City Championships, St Petersburg RUS
1999 (25)}) 15. Rg1 O-O 16. gxf6 Qxf6 17. Qe3 Kh8 18. f4 Qb6 19. Qg3 Qh6 20.
Rd6 f6 21. Bd2 e4 22. Bc4 b5 23. Be6 Ra7 24. Rc6 a5 25. Be3 Rb7 26. Bd5 Rb8 27.
Rc7 b4 28. b3 Rb5 29. Bc6 Rxf5 30. Rxc8 Rxc8 31. Bxd7 Rcc5 32. Bxf5 Rxf5 33.
Rd1 Kg8 34. Qg2 {1-0 Polgar,J-Anand,V/It, Dos Hermanas ESP 1999 (34)}) 8. h4
Nc6 (8... Be7 9. Bg2 Nc6 10. g5 hxg5 11. hxg5 Rxh1+ 12. Bxh1 Nd7 13. Qh5 $36) (
8... e5 9. Nf5 g6 10. Nxh6 Bxh6 11. g5 $5 (11. Bxh6 Bxg4 12. Qd2 Nbd7 13. Bg5
Qb6 14. Rg1 Rc8 15. Rg3 Qxb2 16. Rb1 Qa3 17. Bxf6 Rxc3 18. Rxc3 {1-0 Topalov,
V-Van Wely,L/8th Amber Rapidplay, Monte Carlo MNC 1999 (18)}) 11... Ng4 12.
gxh6 Nxe3 13. fxe3 Rxh6 14. Qf3 Rxh4 15. Bc4 $13 {[%csl Gd5,Gf7]}) 9. Rg1 $6 (
9. Be2 $13) 9... h5 10. gxh5 Nxh5 11. Be2 Nf6 12. Bg5 {After this move we get
a theoretical position only.... with one tempi less for white, which is much
in general and especially when talking about sicilian positions} (12. h5 $5)
12... Qb6 13. Nb3 Bd7 (13... Qc7 $142 14. Qd2 b5 {I think that is the best way
for black to take advantage of his extra tempi, launching an attack on the Q
side.}) 14. Qd2 {Usually in this position it's white's turn to play and after
14.h5 he is better. However with his rook on c8 black has his reasons to count
on a nice counterplay.} (14. h5 Qc7 15. h6 Ng8 16. hxg7 Bxg7 17. Qd2 $14 {
I wasn't sure about this positon but it seems that white is better.}) 14... Rc8
15. O-O-O Qxf2 {During the game I had a very hard time believing that this
pawn grabbing could be correct, unfortunately I didn't manage to prove it over
the board.} (15... Nb4 16. e5 Rxc3 17. bxc3 Ne4 18. Qd4 Qxd4 19. cxd4 $14) 16.
Be3 $2 (16. h5 $1 Nxh5 17. Be3 Qf6 18. Nc5 $1 Rc7 19. e5 Nxe5 (19... Qxe5 20.
Rg5 Qxg5 21. Bxg5 dxc5 22. Bxh5 Rxh5 23. Bf4 $16) 20. Bg5 Rxc5 $1 (20... Nf3
21. Qe3 Nxg5 22. Nd5 {Kantsler} Rxc5 23. Nxf6+ gxf6 24. Rh1 Re5 25. Qa7 $1 $18)
21. Bxf6 Nxf6 $13) 16... Qxh4 17. Bf3 Ne5 18. Rh1 Nxf3 19. Rxh4 Nxd2 20. Rxh8
Ndxe4 21. Nd2 $1 {Probably the toughest move I had to make throughout the
whole tournament. This anti-chess move is white's last hope, since if he
allows black knight stay on e4 his pain won't last long, and on the other hand
if he captures on e4 the only question that is going to be asked in this game
is; which black pawn will queen first.} (21. Nxe4 Nxe4 22. Nd2 Nxd2 23. Bxd2 f5
$19) 21... Nxc3 22. bxc3 Nd5 $2 {After this white even if black plays
correctly white has good drawing chances, while black has to be concerned
about many tactical shots on white's part, given that both players had little
time left on the clock it's not an easy task.} (22... Rxc3 23. Bd4 Rc6 24. Ne4
(24. Bxf6 gxf6 25. Ne4 Ke7 26. Rf1 (26. Nxd6 Rxd6 27. Rxd6 Kxd6 28. Rxf8 Ke7
$19) 26... f5 27. Ng5 Bg7 $18) 24... e5 25. Nxd6+ Rxd6 26. Rxf8+ (26. Bc5 Rxd1+
27. Kxd1 Nh7 (27... Bg4+ 28. Kc1 Nd7)) 26... Kxf8 27. Bc5 Ne4 28. Bxd6+ Nxd6
29. Rxd6 Ke7 $19) 23. Ne4 Ke7 (23... Nxe3 24. Nxd6+ Ke7 25. Nxc8+ Bxc8 26. Rxf8
Kxf8 27. Rd8+ Ke7 28. Rxc8 f5 $17) 24. Bf2 Nxc3 25. Nxd6 Rc6 (25... Nxd1 26.
Nxc8+ Bxc8 27. Bc5+ Kd7 28. Rxf8 $14) 26. Bh4+ f6 27. Bxf6+ $1 gxf6 28. Rh7+
Kd8 29. Nxb7+ Kc7 (29... Kc8 30. Rdxd7 $18) 30. Rdxd7+ Kb6 31. Nd8 Ba3+ 32. Kd2
Nb1+ 33. Kd1 Nc3+ 34. Ke1 Rc4 35. Rb7+ Ka5 36. Rb3 Bb4 37. a3 Bc5 38. Nb7+ $138
(38. Rh4 $142 Re4+ 39. Rxe4 Nxe4 40. Nxe6 $18) 38... Ka4 39. Rh4 Re4+ (39...
Rxh4 40. Nxc5+ Ka5 41. Rxc3 $18) 40. Rxe4+ (40. Kf1 Bxa3) 40... Nxe4 41. Nxc5+
Nxc5 {[%tqu "En","Find the best way to continue.","","","b3b4","It is very
important to dreak this black pair of pawns",15,"b3b6","",0,"b3f3","",0]} 42.
Rb4+ $1 {It is very important to break this black pair of pawns} (42. Rb6 Kxa3
43. Kd2 f5 {and white has problems penetrating.}) (42. Rf3 f5 $132) 42... Kxa3
43. Rc4 Nd7 44. Rc6 a5 45. Rxe6 a4 46. Kd2 Ka2 47. Rd6 Nc5 (47... Ne5 $5 48.
Rxf6 $6 (48. Kc3 {[%cal Gd6b6,Gc3d4,Yc2c4]}) 48... Nc4+ 49. Kc1 a3 50. Rf2 Nb2
51. Rh2 Nc4 {I didn't exactly feel like checking whether this position is
winning or not during the game.}) 48. Rb6 a3 49. c4 f5 50. Rb5 Ne6 51. Kc3 f4
52. Re5 Nc7 53. Re4 (53. Re2+ Kb1 54. Kb3 Kc1 55. Re4 f3 56. Re3 (56. Rf4 Ne6)
56... f2 57. Rf3 a2 58. Kxa2 Kd2 59. Rxf2+ Kc3 60. Rf4 Kb4) (53. Re7 f3 54. Rf7
(54. Rxc7 $2 f2 55. Rf7 f1=Q 56. Rxf1 $11)) 53... Na6 54. Rxf4 Nc5 55. Rf2+ Kb1
56. Re2 {[%cal Gc3b4]} 1-0

[Event "Linares Anibal op 08th"]
[Site "Linares"]
[Date "2001.01.14"]
[Round "7"]
[White "Ramesh, Ramachandran B"]
[Black "Golod, Vitali"]
[Result "0-1"]
[WhiteElo "2467"]
[BlackElo "2591"]
[Annotator "Golod,V"]
[PlyCount "38"]
[EventDate "2001.01.08"]
[EventType "swiss"]
[EventRounds "11"]
[EventCountry "ESP"]
[SourceTitle "CBM 081"]
[Source "ChessBase"]
[SourceDate "2001.03.20"]
[SourceVersion "1"]
[SourceVersionDate "2001.03.20"]
[SourceQuality "1"]

{It was would be desirable to note that it is my first game with the chess
player from India.} 1. e4 c5 2. Nf3 e6 3. d4 cxd4 4. Nxd4 Nf6 5. Nc3 d6 6. g4
h6 7. Bg2 $5 (7. h4 $5 {It's main line.}) 7... Nc6 {[%csl Rg4]} 8. h3 {[%csl
Yh3][%cal Yh3g4]} ({Pretty dubious:} 8. Nxc6 bxc6 $140 9. e5 {in view of:} Nd5
10. exd6 Bxd6 11. Ne4 Ba6 12. b3 (12. Bf1 Bxf1 13. Kxf1 Be7 14. c4 Nf6 15. Qf3
O-O 16. Kg2 Qd4 $15 {Sulskis,S-Atalik,S/Groningen,1997(0-1)(54)}) 12... Be5 13.
Bd2 Bxa1 14. Qxa1 O-O 15. c4 f5 $6 (15... Ne7 $5) 16. Nc5 Nf4 17. Rg1 $13 {
Donchev,D-Ermenkov,E/BUL,1988(1-0)(28)}) 8... Bd7 9. Be3 $6 ({Senselessly:} 9.
Ndb5 {because of:} Qb8 {[%cal Ga7a6]} 10. Bf4 Ne5 {[%cal Ga7a6]}) (9. f4 $142
Nxd4 10. Qxd4 Bc6 11. Be3 Be7 12. O-O-O O-O (12... Nd7 $143 13. Kb1 Qc7 14. h4
b6 15. g5 $16 {Madl,I-Vasilevich,T/Batumi,2000(1/2-1/2)(60)}) 13. Qd2 Qc7 14.
Qe2 Rac8 15. h4 h5 $1 16. gxh5 b5 $132 {Horvath,T-Golod,V/Berlin,1994(0-1)(24)}
) 9... Ne5 $1 $146 {[%cal Ge5c4][%mdl 8] After approximately 15 minute
meditations I have understood that only so it is possible to use the previous
discrepancy white.Repeatedly was checked in the previous games:9...Be7 or 9...
a6.} 10. Qe2 $6 ({Can be recommended:} 10. O-O $5 Nc4 $140 11. Bc1 $11 {
[%cal Gb2b3]}) 10... Rc8 $15 {[%cal Ge5c4]} 11. O-O-O $6 (11. O-O $142 Nc4 12.
Bc1 Qb6 $15) ({Weakly:} 11. Ndb5 {because of:} Qa5 $15 (11... a6 $2 12. Na7 Ra8
(12... Rc7 $2 13. Bb6 Nc4 14. Nc6 $3 $16 {[%csl Rc4,Yc6,Rc7]}) 13. f4 Ng6 14.
Qf2 $14)) 11... Nc4 12. Kb1 $2 {At my contender obviously have handed over
nerves. He is mistaken on each move.} (12. Nb3 $142 $15) 12... Qb6 $1 13. Ndb5
$2 {Decisive mistake.It was necessary:} (13. Nb3 Nxe3 14. Qxe3 Qxe3 15. fxe3 {
=/+/-/+}) 13... Qa5 $1 $19 {[%csl Rb2,Rb5][%cal Ga5b4]} ({Much worse is:} 13...
Nxe3 $2 14. Qxe3 Qxe3 (14... Rc5 15. Nd4 $15) 15. fxe3 Rc5 16. Nxd6+ (16. Nxa7
$2 Ra5 {[%csl Ra7]} 17. Nab5 Rxb5 (17... Bxb5 $2 18. b4 Ra4 $15) 18. Nxb5 Bxb5
$17) 16... Bxd6 17. Rxd6 Ke7 18. Rhd1 b6 (18... h5 $143 19. e5 Rxe5 20. Bxb7
hxg4 21. hxg4 $13) 19. Bf3 $15) 14. Nd4 ({Also loses:} 14. Nxa7 Nxe3 15. Qxe3 (
15. Nxc8 Nxd1 16. Rxd1 Bxc8 $19) 15... Ra8 $19 {[%csl Ra7]}) ({and} 14. a4 a6
15. Na7 Qb4 16. Bc1 Na3+ 17. Ka2 Rxc3 18. Bd2 (18. bxc3 $4 Qb1+ 19. Kxa3 d5#)
18... Qc4+ 19. Qxc4 Rxc4 20. Kxa3 Nxe4 $19 {[%csl Ra7]}) 14... Nxb2 15. Kxb2
Qxc3+ 16. Kb1 Qb4+ $1 {It is much exacter,than:} (16... d5 17. Rd3 $1 $17) 17.
Ka1 (17. Nb3 Nxe4 $19) (17. Kc1 d5 18. exd5 Qc3 19. Rd3 (19. Kb1 Ba3 {see the
game.}) 19... Qa1+ 20. Kd2 Bb4+ $19) 17... d5 18. exd5 $2 {Again mistake the
truth already in a hopeless position.} (18. Rd3 $142 Nxe4 $19) 18... Qc3+ 19.
Kb1 Ba3 (19... Ba3 20. Bc1 $8 Bxc1 21. Kxc1 (21. Rxc1 Qxd4 22. dxe6 Bxe6 $19)
21... Qa1+ {[%csl Rd4]} 22. Kd2 Qxd4+) 0-1

[Event "Santa Monica"]
[Site "Santa Monica"]
[Date "2004.05.12"]
[Round "2"]
[White "Kraai, Jesse"]
[Black "Golod, Vitali"]
[Result "0-1"]
[WhiteElo "2446"]
[BlackElo "2552"]
[Annotator "Golod,V"]
[PlyCount "58"]
[EventDate "2004.05.11"]
[EventType "tourn"]
[EventRounds "9"]
[EventCountry "USA"]
[EventCategory "9"]
[SourceTitle "CBM 102"]
[Source "ChessBase"]
[SourceDate "2004.09.23"]
[SourceVersion "1"]
[SourceVersionDate "2004.09.23"]
[SourceQuality "1"]

1. e4 {It was a big surprise for me. I was preparing for 1.Nf3 and 1.d4} c5 2.
Nf3 d6 {I decided to slightly surprise my opponent and purposely refused to
play my main weapon, "Qb6".} 3. d4 cxd4 4. Nxd4 Nf6 5. Nc3 e6 6. g4 {After
suffering a defeat in the first round from my friend Victor Mikhalevski, my
opponent was very determined to win this game.} h6 7. h3 a6 8. Bg2 Bd7 ({
Previously I played in this position:} 8... Qc7) 9. Be3 Nc6 10. Qe2 Qc7 11.
O-O-O {White is putting his king away from the battle field and are beginning
the pawn storm.} (11. f4 $5) 11... Ne5 $5 12. Kb1 (12. f4 $5 Nc4 13. Kb1 Rc8
14. Rd3 b5 $13 {Kalod,R-Arlandi,E/Charleville,2000(1-0)(24)}) 12... g5 $5 {
[%csl Ge5,Yg5][%cal Yg5f4]} 13. f4 {White doesn't have another alternatives.}
gxf4 14. Bxf4 Be7 15. Nf3 b5 $2 $146 (15... O-O-O $6 16. Rhf1 Be8 17. Nxe5 dxe5
18. Rxd8+ Bxd8 19. Be3 $14 {Nyysti,S-Belotti,B/Bled,2002(1/2-1/2)(44)}) (15...
Rc8 $5) {[%tqu "En","The previous move of Black was a blunder. How can White
exploit it?","","","h1e1","",10,"c3d5","Kraai,J (He told me that about this
unused ability, several days after this game).",10]} 16. Rhe1 $6 (16. Nd5 $1
$16 {Kraai,J (He told me that about this unused ability, several days after
this game).} exd5 $140 17. Nxe5 dxe5 18. exd5 Bd6 (18... O-O 19. Bxe5 Qc8 20.
d6 Bd8 21. Qf3 {[%csl Ra8,Rf6]}) 19. Bxe5 Bxe5 20. d6 Qc5 21. Rd5 $3 $18 {
[%csl Re5,Re8,Rh8][%cal Ge2e5]}) 16... Rb8 {[%csl Ra8,Yb8,Gg2][%cal Ya8b8] I
decided that my rook will be more valuable to me on this square.} (16... b4 $4
17. Nxe5 $1 dxe5 $140 18. Nd5 $1 exd5 19. exd5 O-O (19... Bd6 20. Bxe5 Bxe5 21.
d6 Qc5 22. Qxe5+ Qxe5 23. Rxe5+) 20. Bxe5 Qa5 21. d6 $18 {[%csl Ra8,Ge5,Re7,
Rf6,Yg2]}) 17. Rc1 b4 18. Nd1 ({Right here this opportunity will not work:} 18.
Nd5 $2 exd5 19. exd5 (19. Nxe5 dxe5 20. exd5 Bd6 $17) 19... Ng6 20. Nh4 {
Kraai,J} Bxg4 $5 21. Qf2 Bc8 22. Nxg6 fxg6 23. Qg3 Rb6 $17) 18... Bc6 $5 {
[%csl Ye5,Yf6][%cal Yf6d7,Yd7e5] I am remobilizing my pieces to the best
squares possible.} (18... a5 $5) (18... Bb5 $5) 19. Nf2 (19. Qxa6 $4 Bb5 {
[%csl Ra6]}) 19... Nfd7 20. Nd3 a5 21. c4 $2 {Looks logical, but in reality it
is a huge mistake.} (21. Nfxe5 $5 dxe5 22. Be3 $11) 21... Nxd3 22. Qxd3 Nc5 $1
23. Qd1 $6 (23. Qd4 $4 e5 24. Nxe5 Bf6 $1 {[%csl Rd4,Re5] Kraai,J} (24... Ne6
$2 25. Nxc6 Nxd4 26. Nxd4 $44) 25. Nxc6 Bxd4 26. Nxd4 Nd3 27. Nb5 Qc6 {-/+/-+})
(23. Qd2 $142 Bxe4+ 24. Ka1) 23... e5 $1 {This is an important intermediate
move.} 24. Bh2 (24. Be3 $142) 24... Bxe4+ 25. Rxe4 $2 {White has begun
"floating down the drain".} (25. Ka1 h5 $5 (25... Bg5 $6 26. Nxg5 Bxg2 27. Nf3
$44)) 25... Nxe4 26. Nxe5 Nc3+ $1 {I was counting on this move when I played
23...e5.} 27. Rxc3 (27. bxc3 bxc3+ 28. Ka1 dxe5 $19) 27... bxc3 $19 28. Bc6+ (
28. Qa4+ Kf8 29. Nd7+ Qxd7 $1 30. Qxd7 Rxb2+ 31. Ka1 $8 (31. Kc1 Bg5+ 32. Kd1
c2+ 33. Ke2 c1=Q+ {[%csl Re2][%cal Gc1e3]}) 31... Rxg2 $19 {[%csl Ra1,Yh2]
[%cal Gg2g1,Gg2h2]}) 28... Kf8 29. Nd7+ {[%tqu "En","Find the killer move!","",
"","c7d7","This tactical blow has ended this game.",0,"f8g8","",0,"c7d7","",0]}
Qxd7 $1 {This tactical blow has ended this game.} (29... Kg8 $2 30. Nxb8 Qxb8
31. b3 {=/+/-/+}) (29... Qxd7 $1 30. Bxd7 (30. Qd4 {I did not see this
resource coming.} Rxb2+ 31. Ka1 Bf6 $1 32. Qxf6 Qxc6 33. Qxh8+ Ke7 $19) 30...
Rxb2+ 31. Ka1 (31. Kc1 Bg5+ {[%csl Rc1]}) 31... c2 {[%csl Ra1][%cal Gb2b1,
Ge7f6]} 32. Qf1 Rb1+ 33. Qxb1 Bf6+ 34. Qb2 c1=Q#) 0-1

[Event "Commonwealth-ch"]
[Site "New Delhi"]
[Date "2015.06.25"]
[Round "4"]
[White "Grover, Sahaj"]
[Black "Nitin, Senthilvel"]
[Result "1-0"]
[WhiteElo "2509"]
[BlackElo "2357"]
[Annotator "Grover,S"]
[PlyCount "53"]
[EventDate "2015.06.23"]
[EventType "swiss"]
[EventRounds "9"]
[EventCountry "IND"]
[SourceTitle "CBM 167"]
[Source "ChessBase"]
[SourceDate "2015.07.13"]
[SourceVersion "1"]
[SourceVersionDate "2015.07.13"]
[SourceQuality "1"]

1. e4 c5 2. Nf3 d6 3. d4 cxd4 4. Nxd4 Nf6 5. Nc3 e6 {I was surprised by his
opening choice, normally he doesn't go for Sicilian structures.} 6. g4 $5 h6 7.
h3 {I was hoping to transpose into some kind of h3-Najdorf.} Nc6 8. Be3 a6 {
Voilà!, although the knight on c6 is misplaced.} 9. Bg2 Ne5 10. Qe2 Qc7 11. f4
Nc4 12. O-O-O {I wasn't worried about the dark-squared bishop as I was far
ahead in development, ready to break via e5 or the slow Bf3-h4-g5, whereas
Black is in serious trouble with his undeveloped king.} Nxe3 $2 {I don't like
this move, as it eases White's play, I would have probably kept the knight for
some time to keep the tension.} (12... Bd7 $5 {is what I was calculating
before he took the bishop} 13. Kb1 ({I was mildly considering playing} 13. Bf2
Rc8 14. Rd3 $5 {I had missed the blow -} e5 $1 15. Nf5 exf4 16. Rhd1 Ne5 {
and Black can hope to equalise soon, however White still has annoying moves
such as} 17. Kb1 $5) 13... Rc8 14. Bc1 $1 $14 {is just better for White.}) 13.
Qxe3 Be7 (13... g5 $5 {I considered this move for a long time, after thinking
for almost 20 minutes I concluded white was better after} 14. fxg5 hxg5 15. e5
dxe5 16. Nf3 $14) 14. Rhe1 {I didn't think a human would castle as it looks
highly dangerous, White can continue slowly via - Bf3-h4-g4, and Black is a
long way from starting an attack on the queenside, if ever.} Bd7 ({Again he
could have continued via this, but same story as before, but now} 14... g5 15.
e5 $1 (15. fxg5 $2 {doesn't work because of} Nxg4 $1) 15... gxf4 16. exd6 Bxd6
17. Qf2 $14) 15. Qf2 {Prophylaxis against g5, and threatening e5.} Rc8 16. Kb1
{I was just waiting for Black to castle or start an attack via b5, as I could
play Nd5 since I would have the c6-outpost then.} Qb6 $5 17. Qg3 Rc4 $2 {
This was quite unexpected, maybe now was the time he could play} (17... O-O {
since now White is a long way from h4-g5} 18. e5 $5 (18. h4 $2 Nxg4 $1 19. Qxg4
Rxc3) 18... dxe5 19. fxe5 Nh7 20. Ne4 {Black's position is way easier to play
now, with good chances to equalise.}) 18. Qd3 $1 Rc7 (18... Qc7 $2 19. e5 dxe5
20. fxe5 Nh7 21. Nf5 $1 $18) 19. e5 {Couldn't wait any longer, and this was
probably the best time to break the centre.} dxe5 20. fxe5 Bb4 (20... Nh7 {
doesn't help as} 21. Nf5 $18) 21. Nxe6 $1 {A nice little blow, probably missed
by my opponent, the position is almost lost by now.} Rxc3 ({I was surprised as
he didn't test} 21... fxe6 22. Qg6+ Kd8 23. Na4 $1 Qf2 24. Rf1 Qxg2 25. exf6
$18) 22. Qd4 $5 (22. Nxg7+ {was apparently a better move order as now Black
cannot go on d8} Kd8 23. Qf1 $1 {Something I missed during the game.}) 22...
Qxd4 23. Nxg7+ Kf8 (23... Kd8 {was mandatory} 24. Rxd4 Rxc2 25. Rxb4 Rxg2 26.
exf6 {Still it's more or less fatal.}) 24. Rxd4 Rg3 (24... Rc7 25. Rxb4 Kxg7
26. exf6+ Kxf6 27. Rf4+ Kg7 28. Re7 $18) 25. exf6 $1 Bxe1 26. Rxd7 Ba5 27. Re7
1-0

[Event "Hoogovens"]
[Site "Wijk aan Zee"]
[Date "1991.01.??"]
[Round "7"]
[White "Adams, Michael"]
[Black "Hansen, Curt"]
[Result "1-0"]
[WhiteElo "2600"]
[BlackElo "2565"]
[Annotator "Hansen,Cu"]
[PlyCount "69"]
[EventDate "1991.01.??"]
[EventType "tourn"]
[EventRounds "13"]
[EventCountry "NED"]
[EventCategory "14"]
[SourceTitle "CBM 022"]
[Source "ChessBase"]
[SourceDate "1991.06.01"]
[SourceVersion "1"]
[SourceVersionDate "1991.06.01"]
[SourceQuality "1"]

1. e4 c5 2. Nf3 e6 3. d4 cxd4 4. Nxd4 Nf6 5. Nc3 d6 6. g4 a6 7. g5 Nfd7 8. Be3
b5 9. a3 Nb6 10. h4 Bb7 11. h5 N8d7 12. g6 $1 {TN. Earlier it was thought that
this breakthrough should be prepared by 12. Rh3 or 12. Rg1. 12. Rh3, d5 13.
exd5, Nxd5 14. Nxd5, Bxd5 Mainka,R- Espig,L Dortmund B 1990} hxg6 13. hxg6 Rxh1
14. gxf7+ Kxf7 (14... Ke7 15. Qg4 Qc8 16. Qxe6+ Kd8 17. Qe8+ Kc7 18. Ne6+ Kb8 (
18... Kc6 19. Nd5 $1 {/\Nb4#} Rxf1+ 20. Kxf1 Nxd5 21. exd5+ Kxd5 22. Nc7+ Kc6 (
22... Qxc7 23. Rd1+ Kc4 (23... Kc6 24. Qe4+ d5 25. Qxd5#) 24. Qe6+ d5 25. Rd4+
Kc5 26. b4#) 23. Nxa8 $16) 19. Nxf8 Nxf8 20. Bxb6 Bc6 21. Qe7 $16) 15. Qf3+ Qf6
16. Qxh1 $16 Ne5 17. Nxe6 Qxe6 18. Bxb6 d5 19. Bd4 Nc6 20. Bh3 Qe8 21. O-O-O
Nxd4 22. Rxd4 Qe5 23. Rd3 d4 24. Nd5 Bxd5 25. exd5 Bd6 26. Rf3+ $6 (26. Be6+
Ke7 27. Qh4+ Qf6 28. Qxf6+ Kxf6 29. Rxd4 g5 30. a4 $16) 26... Ke7 27. Rf5 Qe2
$13 28. Qg1 Be5 29. f4 Bf6 30. Rxf6 gxf6 31. Qg7+ Ke8 32. Qg8+ Ke7 33. Qh7+ Ke8
$6 (33... Kf8 $1 34. Kb1 d3 35. cxd3 b4 $10) 34. Kb1 Rd8 $4 $138 (34... d3 35.
cxd3 b4 36. Bd7+ Kd8 37. axb4 Ra7 $10) 35. Be6 {Hansen,C} 1-0